Figures de la Révolution française - Quiz - Statistiques

Statistiques générales
  • Ce quiz a été pris 76 fois
  • Le résultat moyen est 8 sur 18
Statistiques - réponses
Indices Réponses % Correct
Incorruptible à la tête du gouvernement révolutionnaire Maximilien Robespierre
100%
Raccourci le 21 janvier 1793 Louis XVI
87%
Avocat, montagnard et porte-parole des sans-culottes, il préside la Convention en 1793 Georges Danton
84%
Ami du Peuple et incarnation de la violence assassiné dans sa baignoire Jean-Paul Marat
82%
Rédactrice de la Déclaration des Droits de la Femme et de la Citoyenne Olympe de Gouges
76%
Fossoyeur ou propagateur vaincu en Russie Napoléon Bonaparte
61%
Archange de la Terreur, soutient indéfectible du premier Louis Antoine de Saint-Just
45%
Homme d'église à l'origine de la création des départements Emmanuel-Joseph Sieyès
43%
Ses discours passionnés sur les grilles du Palais Royal encouragent la prise de la Bastille Camille Desmoulins
42%
Peintre de la Révolution Jacques-Louis David
40%
Journaliste et créateur du Père Duchesne éliminé par Robespierre en 1794 Jacques-René Hébert
25%
Figure des Lumières, Girondin et libéral, il est l'un des seuls hommes à défendre les femmes Nicolas de Condorcet
25%
Premier du jeu de Paume et maire de Paris, c'est sa Garde Nationale qui tire sur la foule au champs de Mars Jean Sylvain Bailly
22%
Précurseur du communisme, il échoue à renverser le Directoire en 1796 Gracchus Babeuf
16%
Abbé ayant grandement contribué à la Constitution civile du Clergé Henri Grégoire
16%
Coupeur de tête du Tribunal Révolutionnaire Antoine Fouquier-Tinville
12%
Femme violente et radicale fessée publiquement devant la Convention en août 1792 Théroigne de Méricourt
10%
Curé rouge et Enragé, il fût l'un des plus radicaux Jacques Roux
9%
Aucun quiz correspondant
Distribution des résultats
% des personnes avec chaque résultat
Percentile par nombre de réponses
Votre historique - résultats
Vous n’avez pas pris ce quiz